000 00247nam a2200097Ia 4500
001 652173
005 20250826154433.0
008 250824s9999 xx 000 0 und d
245 0 _aBilime Giriş Fırtına Avcıları
260 _bTÜBİTAK YAYINLARI
999 _c652173
_d652173